Načítá se...

Towards Zero

Podrobná bibliografie
Hlavní autor: Christie, Agatha
Médium: Printed Book
Jazyk:English
Vydáno: London Harper 2002
LEADER 00514nam a22001697a 4500
008 160503b xxu||||| |||| 00| 0 eng d
020 |a 9780007282296 
082 |a 823 CHR'02 
100 |a Christie, Agatha 
245 |a Towards Zero 
260 |a London  |b Harper  |c 2002 
300 |a 301p. 
500 |a  Fiction  
650 |2  Fiction 
942 |2 ddc  |c BK 
999 |c 9413  |d 9413 
952 |0 0  |1 0  |2 ddc  |4 0  |6 823_000000000000000_CHR02  |7 0  |9 13041  |a NUALS  |b NUALS  |c FIC  |d 2016-05-03  |g 199.00  |l 0  |o 823 CHR'02  |p 12705  |r 2016-05-03  |w 2016-05-03  |y BK